Detalles MARC
| 000 -LIDER |
| fixed length control field |
02260nam a2200289 a 4500 |
| 001 - NÚMERO DE CONTROL |
| Identificador de número de control |
|
| 003 - IDENTIFICACDOR DE NÚMERO DE CONTROL |
| control field |
DO-SdBNP |
| 005 - DATE AND TIME OF LATEST TRANSACTION |
| control field |
20211108072139.0 |
| 008 - ELEMENTOS DE LONGITUD FIJA |
| fixed length control field |
150825s 2000 dr r 000 0 spa d |
| 020 ## - ISBN |
| International Standard Book Number |
999348024X |
| 040 ## - FUENTE DE CATALOGACIÓN |
| Agencia que crea de manera original el registro |
DO-SdBNP |
| Idioma de catalogación |
spa |
| Agencia que realiza la transcripción |
BPMSU |
| 082 ## - NÚMERO DE CLASIFICACIÓN DECIMAL DE DEWEY |
| Classification number |
RD868.44 |
| Item number |
B742e 2000 |
| Edition number |
22 |
| 100 1# - ASIENTO PRINCIPAL -- NOMBRE PERSONAL |
| Nombre personal |
Bosch, Juan, |
| Fechas asociadas con el nombre |
1909-2001 |
| 9 (RLIN) |
1 |
| 245 10 - MENCIÓN DE TITULO |
| Título |
En primera persona : |
| Subtítulo |
entrevistas con Juan Bosch / |
| Mención de responsabilidad |
editor Guillermo Piña Contreras ; presentación José Rafael Lantigua. |
| 260 ## - PUBLICACIÓN, DISTRIBUCIÓN, ETC. (PIE DE IMPRENTA) |
| Lugar de publicación, distribución, etc |
Santo Domingo : |
| Nombre del editor, distribuidor, etc. |
Comisión permanente de la Feria del Libro, |
| Fecha de publicación, distribución, etc |
2000. |
| 300 ## - DESCRIPCIÓN FÍSICA |
| Extensión |
253 p. ; |
| Dimensiones |
23 cm. |
| 500 ## - NOTA GENERAL |
| Nota general |
Incluye referencias bibliográficas y notas a pie de las páginas. |
| 500 ## - NOTA GENERAL |
| Nota general |
Incluye datos biográficos de los autores de las entrevistas. |
| 505 0# - NOTA DE CONTENIDO |
| Texto normalizado de contenido |
Creación literaria y actividad política 21 -- Literatura y experiencia literaria / Guilllermo Piña Contreras 21 -- Encuentro con Juan Bosch / Mateo Morrison y Federico Jóvine Bermúdez 55 -- Entrevista con Juan Bosch / Bruno Rosario Candelier 69 -- Encuentro con Juan Bosch : en busca del tiempo perdido / Lil despradel -- Juan Bosch y el arte de escribir cuentos / José Alcántara Almanzar 131 -- Diálogo íntimo con Juan Bosch / Leonel Fernández 137 -- Cuentos de Santo Domingo / Lionel Richard 147 -- Los 80 años de un gran escritor : Juan Bosch o la pasión social / Miguel Aníbal Perdomo 147 -- Juan Bosch : para mí, Jesús es un personaje histórico / Antonio Lluberes 155 -- Juan Bosch : he leido el Quijote 21 veces / José Rafael Lantigua 159 -- Actividad y praxis políticas 169 -- Entrevista a Juan Bosch / Félix Jiménez -- Hablando con Juan Bosch / Kal Wagenheim 181 -- Juan Bosch : el porvenir de América Latina / Elena de la Souchere -- El Profesor [Bosch] entre los asesinos 199 -- Entrevista con el profesor Juan Bosch / Emma Tavárez Justo 227 -- Juan Bosch : la democracia en América Latina / Martin Murphy 233 |
| 600 14 - ENCABEZAMIENTO DE MATERIA--NOMBRE PERSONAL |
| Nombre personal |
Bosch, Juan |
| Fechas asociadas con el nombre |
1909-2001 |
| Subdivisión de forma |
Entrevistas |
| 651 #4 - ENCABEZAMIENTO DE MATERIA--NOMBRE GEOGRÁFICO |
| Nombre geográfico |
República Dominicana |
| Subdivisión temática general |
Política y gobierno. |
| Subdivisión cronológica |
1961 |
| Nombre geográfico seguido del nombre geográfico como elemento de entrada |
|
| 700 1# - ASIENTO SECUNDARIO -- NOMBRE PERSONAL |
| Nombre personal |
Piña Contreras, Guillermo, |
| Mención de responsabilidad |
ed. |
| 700 12 - ASIENTO SECUNDARIO -- NOMBRE PERSONAL |
| Nombre personal |
Lantigua, José Rafael, 1949- |
| Mención de responsabilidad |
pres. |
| 710 2# - ASIENTO SECUNDARIO -- NOMBRE CORPORATIVO |
| Nombre corporativo o de jurisdicción |
Comisión Permanente de la Feria del Libro (República Dominicana) |
| 910 ## - VALIDACIÓN |
| Validación |
VMateo V. |
| 942 ## - ADDED ENTRY ELEMENTS (KOHA) |
| Source of classification or shelving scheme |
Dewey Decimal Classification |
| Koha item type |
Libros |